000 00528nam a2200205Ia 4500
005 20240925104042.0
008 131103s9999 xx 000 0 und d
020 _cRs.60.00
040 _aLoreto College
041 _aEnglish
082 _a891.44
_bMAJ
100 _aMajumder, Sisir
245 _aPathmala (For class VII)
_cSisir Majumder & Manojit Basu
260 _aKolkata
_bS. Chowdhury & Sons.
_c2011
300 _a132p.
650 _aBengali language
700 _aBasu, Manojit
850 _aLCBED
942 _cBK
999 _c38313
_d88792